[Event "Wch Seniors 50 26th"]
[Site "Marianske Lazne"]
[Date "2016.11.30"]
[Round "11"]
[White "Malinovsky, Petr"]
[Black "Malinin, Vasily Borisovich"]
[Result "1-0"]
[WhiteElo "1957"]
[BlackElo "2220"]
[PlyCount "71"]
[EventDate "2016.11.19"]
[EventType "swiss"]
[EventRounds "11"]
[EventCountry "CZE"]
[SourceTitle "CBM 175 Extra"]
[Source "ChessBase"]
[SourceDate "2016.12.12"]
[SourceVersion "1"]
[SourceVersionDate "2016.12.12"]
[SourceQuality "1"]

1. d4 Nc6 2. Nf3 d5 3. c4 Bg4 4. Nc3 Bxf3 5. gxf3 e6 6. cxd5 exd5 7. e4 dxe4 8. d5 Ne5 9. fxe4 a6 10. Be3 b5 11. Be2 Qh4 12. Qd2 b4 13. 0-0-0 bxc3 14. Qxc3 Qxe4 15. f3 Qf5 16. f4 Nd7 17. Bd3 Qf6 18. Bd4 Qxf4+ 19. Kb1 Ngf6 20. Rhe1+ Kd8 21. Qc6 Rc8 22. Bxa6 Qd6 23. Bxc8 Kxc8 24. Qa8+ Nb8 25. Bxf6 Qd7 26. Bd4 Bb4 27. Re3 Qf5+ 28. Red3 Bd6 29. Qa4 Rd8 30. Qc2 Nd7 31. Ra3 Qxc2+ 32. Kxc2 Bxa3 33. bxa3 f6 34. Kc3 Kb7 35. Kc4 Re8 36. Rb1+ 1-0

[Event "EU-ch Seniors 50 16th"]
[Site "Yerevan"]
[Date "2016.06.09"]
[Round "5"]
[White "Malinin, Vasily Borisovich"]
[Black "Nersisyan, Garnik"]
[Result "1-0"]
[WhiteElo "2248"]
[BlackElo "2025"]
[PlyCount "81"]
[EventDate "2016.06.05"]
[EventType "swiss"]
[EventRounds "9"]
[EventCountry "ARM"]
[SourceTitle "CBM 172 Extra"]
[Source "ChessBase"]
[SourceDate "2016.06.21"]
[SourceVersion "1"]
[SourceVersionDate "2016.06.21"]
[SourceQuality "1"]

1. d4 e6 2. e4 d5 3. Nc3 Bb4 4. e5 c5 5. a3 Bxc3+ 6. bxc3 Qc7 7. Qg4 f5 8. Qg3 cxd4 9. cxd4 Ne7 10. c3 0-0 11. Ne2 Bd7 12. a4 Nbc6 13. h4 Na5 14. Bg5 Rf7 15. h5 Rc8 16. Rh3 Be8 17. Nf4 Qd7 18. h6 g6 19. Nh5 Kf8 20. Nf4 Ng8 21. Qh4 Ne7 22. Bf6 a6 23. Rd1 Nac6 24. Bd3 Rc7 25. g4 fxg4 26. Qxg4 Rxf6 27. exf6 Nf5 28. Kf1 Nd8 29. Re1 Bf7 30. Bxf5 exf5 31. Qe2 Qxa4 32. Re3 Qb5 33. Qxb5 axb5 34. Re7 Rc8 35. Rd7 g5 36. Nd3 Ne6 37. Rxb7 b4 38. Ne5 Nd8 39. Rxb4 Nc6 40. Nxc6 Rxc6 41. Rb8+ 1-0

[Event "EU-ch Seniors 50 16th"]
[Site "Yerevan"]
[Date "2016.06.06"]
[Round "2"]
[White "Khachatrian, Garik"]
[Black "Malinin, Vasily Borisovich"]
[Result "1/2-1/2"]
[WhiteElo "2101"]
[BlackElo "2248"]
[PlyCount "181"]
[EventDate "2016.06.05"]
[EventType "swiss"]
[EventRounds "9"]
[EventCountry "ARM"]
[SourceTitle "CBM 172 Extra"]
[Source "ChessBase"]
[SourceDate "2016.06.21"]
[SourceVersion "1"]
[SourceVersionDate "2016.06.21"]
[SourceQuality "1"]

1. Nf3 Nc6 2. d4 d5 3. e3 Bg4 4. h3 Bh5 5. Be2 Nf6 6. Nbd2 e6 7. c4 Be7 8. a3 Ne4 9. cxd5 exd5 10. Nxe4 dxe4 11. Nd2 Bg6 12. 0-0 0-0 13. Qc2 f5 14. Qb3+ Kh8 15. Qxb7 Rf6 16. Qb3 f4 17. d5 Rb8 18. Qd1 Qxd5 19. exf4 Bd6 20. Nc4 Qxd1 21. Rxd1 Bxf4 22. Bxf4 Rxf4 23. Rd7 Rbf8 24. Rf1 Be8 25. Rd2 a5 26. Ne3 Ne5 27. Rd8 Ba4 28. Rxf8+ Rxf8 29. Rc1 Nd3 30. Rxc7 Nxb2 31. Ra7 Nd3 32. Rxa5 Bb3 33. f3 Nc1 34. Bc4 exf3 35. gxf3 g6 36. Kg2 Re8 37. Kf2 Bxc4 38. Nxc4 Re2+ 39. Kg3 Kg7 40. Ra7+ Kh6 41. a4 Rc2 42. Ne3 Ne2+ 43. Kh4 g5+ 44. Kg4 Rc3 45. Nf5+ Kg6 46. Ra6+ Kf7 47. Kxg5 Ng1 48. Rf6+ Ke8 49. Kg4 Rc4+ 50. Kg3 Rxa4 51. Re6+ Kf7 52. Re1 Kf6 53. Ne3 Nxf3 54. Kxf3 Kg5 55. Ng2 Ra3+ 56. Re3 Ra5 57. Kg3 Kf6 58. h4 Ra1 59. Rf3+ Kg6 60. Rb3 Rg1 61. Rb6+ Kh5 62. Rb7 Kh6 63. Kf3 Ra1 64. Re7 Ra4 65. Nf4 Ra3+ 66. Kg4 Ra4 67. Re6+ Kg7 68. Kf5 Ra5+ 69. Re5 Ra1 70. Kg5 Rg1+ 71. Kh5 Rh1 72. Re7+ Kh8 73. Ne6 Kg8 74. Ng5 h6 75. Ne4 Kf8 76. Rh7 Re1 77. Ng3 Re3 78. Kg4 Re6 79. Nf5 Re4+ 80. Kf3 Ra4 81. Rxh6 Kf7 82. Rb6 Ra1 83. Kg4 Rg1+ 84. Ng3 Kg7 85. h5 Kh7 86. Kf4 Ra1 87. Kg5 Rg1 88. Rb7+ Kh8 89. Kf4 Rg2 90. Ke4 Rh2 91. Kf4 1/2-1/2

[Event "Wch Seniors 50 25th"]
[Site "Acqui Terme"]
[Date "2015.11.13"]
[Round "4"]
[White "Malinin, Vasily Borisovich"]
[Black "Garcia Palermo, Carlos H"]
[Result "0-1"]
[WhiteElo "2261"]
[BlackElo "2446"]
[PlyCount "64"]
[EventDate "2015.11.10"]
[EventType "swiss"]
[EventRounds "11"]
[EventCountry "ITA"]
[SourceTitle "CBM 169 Extra"]
[Source "ChessBase"]
[SourceDate "2015.12.18"]
[SourceVersion "1"]
[SourceVersionDate "2015.12.18"]
[SourceQuality "1"]

1. d4 Nf6 2. c4 e6 3. Nc3 Bb4 4. Bg5 c5 5. d5 exd5 6. cxd5 d6 7. e3 Nbd7 8. Bd3 Qa5 9. Nge2 Nxd5 10. 0-0 Bxc3 11. bxc3 h6 12. Bh4 0-0 13. Kh1 Re8 14. Bc2 N5f6 15. c4 b6 16. Qxd6 Ba6 17. Qf4 Qd2 18. Bd1 Re4 19. Qf3 Ne5 20. Qh3 Bc8 21. Bxf6 Bxh3 22. Ng3 Rxe3 23. gxh3 Rxg3 24. Bxe5 Rxh3 25. Bg3 Qc3 26. Bg4 Rxg3 27. hxg3 Qxc4 28. Bf3 Rd8 29. a4 Rd2 30. Kg2 Qd4 31. Ra3 c4 32. Bc6 Qc5 0-1

[Event "Pardubice Chladek&Tintera op-A 19th"]
[Site "Pardubice"]
[Date "2008.07.21"]
[Round "4"]
[White "Wirig, Anthony"]
[Black "Malinin, Vasily Borisovich"]
[Result "1-0"]
[WhiteElo "2456"]
[BlackElo "2331"]
[PlyCount "75"]
[EventDate "2008.07.18"]
[EventType "swiss"]
[EventRounds "9"]
[EventCountry "CZE"]
[SourceTitle "CBM 125 Extra"]
[Source "ChessBase"]
[SourceDate "2008.09.01"]
[SourceVersion "1"]
[SourceVersionDate "2008.09.01"]
[SourceQuality "1"]

1. d4 Nc6 2. Nf3 d5 3. c4 Bg4 4. Qa4 Bxf3 5. gxf3 dxc4 6. e3 e5 7. dxe5 a6 8. f4 Qd5 9. Rg1 0-0-0 10. Nd2 Bb4 11. Qc2 b5 12. a3 Ba5 13. Bh3+ Kb8 14. Bg2 Qd7 15. Ke2 Nge7 16. b4 Bb6 17. Bb2 Ng6 18. Rad1 Nh4 19. Nf3 Qd3+ 20. Rxd3 cxd3+ 21. Qxd3 Rxd3 22. Kxd3 Nxg2 23. Rxg2 g6 24. Ng5 Rd8+ 25. Ke2 Rd7 26. Nxh7 a5 27. Bc3 axb4 28. axb4 Ne7 29. e6 fxe6 30. Nf8 Rd6 31. Nxg6 Nd5 32. Be5 Rd7 33. Nf8 Rf7 34. Nxe6 Nxb4 35. Rg8+ Ka7 36. Rg7 Rxg7 37. Bxg7 Nd5 38. h4 1-0

[Event "Pardubice Chladek&Tintera op-A 19th"]
[Site "Pardubice"]
[Date "2008.07.19"]
[Round "2"]
[White "Neelotpal, Das"]
[Black "Malinin, Vasily Borisovich"]
[Result "1-0"]
[WhiteElo "2462"]
[BlackElo "2331"]
[PlyCount "60"]
[EventDate "2008.07.18"]
[EventType "swiss"]
[EventRounds "9"]
[EventCountry "CZE"]
[SourceTitle "CBM 125 Extra"]
[Source "ChessBase"]
[SourceDate "2008.09.01"]
[SourceVersion "1"]
[SourceVersionDate "2008.09.01"]
[SourceQuality "1"]

1. Nf3 Nc6 2. e4 e5 3. Bb5 a6 4. Ba4 Nf6 5. d3 b5 6. Bb3 Bc5 7. a4 b4 8. 0-0 d6 9. Nbd2 Ne7 10. c3 bxc3 11. bxc3 Ng6 12. d4 Ba7 13. dxe5 dxe5 14. Ba3 Nd7 15. Nc4 Qf6 16. Ne3 Nf4 17. g3 Qg6 18. Nf5 Bb7 19. Qxd7+ Kxd7 20. Nxe5+ Ke8 21. Nxg6 Nh3+ 22. Kg2 hxg6 23. Nxg7+ Kd7 24. Rad1+ Kc8 25. f3 Nf2 26. Rxf2 Bxf2 27. Kxf2 Bc6 28. Bxf7 Rxh2+ 29. Kg1 Rh7 30. Be6+ Kb7 1-0

[Event "Petrovskaya Ladya GM"]
[Site "Peterhof"]
[Date "2008.01.08"]
[Round "8"]
[White "Malinin, Vasily Borisovich"]
[Black "Yevseev, Denis"]
[Result "0-1"]
[WhiteElo "2346"]
[BlackElo "2499"]
[PlyCount "64"]
[EventDate "2008.01.03"]
[EventType "tourn"]
[EventRounds "11"]
[EventCountry "RUS"]
[EventCategory "7"]
[SourceTitle "CBM 122 Extra"]
[Source "ChessBase"]
[SourceDate "2008.03.04"]
[SourceVersion "1"]
[SourceVersionDate "2008.03.04"]
[SourceQuality "1"]

1. e4 c6 2. d4 d5 3. f3 e6 4. Be3 Qb6 5. b3 c5 6. c3 Nc6 7. Ne2 Nf6 8. Nd2 cxd4 9. cxd4 dxe4 10. fxe4 Bb4 11. Qb1 e5 12. Qd3 Bxd2+ 13. Kxd2 Qa5+ 14. Nc3 exd4 15. Bxd4 Nxd4 16. Qxd4 0-0 17. Kc2 Be6 18. Kb2 Rfd8 19. Qe3 Rac8 20. Rc1 Nxe4 21. Nxe4 Qe5+ 22. Kb1 Rxc1+ 23. Kxc1 Qa1+ 24. Kc2 Qxa2+ 25. Kc1 Bxb3 26. Bd3 Rc8+ 27. Nc5 g6 28. Bb1 Qa3+ 29. Kd2 Rxc5 30. Qe8+ Kg7 31. Ke2 Qb2+ 32. Kf3 Rc3+ 0-1

[Event "Petrovskaya Ladya GM"]
[Site "Peterhof"]
[Date "2008.01.06"]
[Round "6"]
[White "Malinin, Vasily Borisovich"]
[Black "Vedmediuc, Serghei"]
[Result "0-1"]
[WhiteElo "2346"]
[BlackElo "2410"]
[PlyCount "153"]
[EventDate "2008.01.03"]
[EventType "tourn"]
[EventRounds "11"]
[EventCountry "RUS"]
[EventCategory "7"]
[SourceTitle "CBM 122 Extra"]
[Source "ChessBase"]
[SourceDate "2008.03.04"]
[SourceVersion "1"]
[SourceVersionDate "2008.03.04"]
[SourceQuality "1"]

1. d4 Nf6 2. c4 d6 3. Nc3 e5 4. dxe5 dxe5 5. Qxd8+ Kxd8 6. Nf3 Bd6 7. c5 Bxc5 8. Nxe5 Be6 9. g3 Nbd7 10. Nd3 Bd6 11. Bg2 c6 12. 0-0 Kc7 13. e4 Ne5 14. Nf4 Bc4 15. Rd1 Rad8 16. b3 Ba6 17. h4 Bc5 18. Bd2 Nfg4 19. Be1 Bd4 20. Ncd5+ cxd5 21. Rxd4 dxe4 22. Nd5+ Kb8 23. Bxe4 Be2 24. Rb4 Bf3 25. Nc3 Bxe4 26. Rxe4 f5 27. Re2 Rhe8 28. Kg2 Nd3 29. Kf1 Nh2+ 30. Kg2 Rxe2 31. Nxe2 Ng4 32. Bc3 Ndxf2 33. Bxg7 Rd2 34. Kf3 Ne4 35. Re1 Rxa2 36. Kf4 Ngf2 37. Be5+ Kc8 38. Nc1 Ra5 39. Kxf5 Nxg3+ 40. Ke6 Ra6+ 41. Kf7 Nf5 42. Rf1 Ng4 43. Nd3 Nxh4 44. Bf4 Ng6 45. Bg3 Rc6 46. Kg7 h5 47. Nb4 Rc3 48. Be1 Rxb3 49. Kxg6 h4 50. Nd5 h3 51. Kf5 Ne3+ 52. Nxe3 Rxe3 53. Kg4 h2 54. Bg3 Re2 55. Rc1+ Kd7 56. Kh3 Rc2 57. Rd1+ Kc6 58. Bxh2 a5 59. Rd8 Kb5 60. Be5 Rc5 61. Bf6 Rf5 62. Rd6 Ka4 63. Kg4 Rc5 64. Kf3 b5 65. Ke3 b4 66. Kd3 Kb3 67. Bd4 Rh5 68. Rg6 a4 69. Rg1 Rh3+ 70. Be3 a3 71. Rb1+ Ka4 72. Kc4 b3 73. Bd4 a2 74. Rg1 Rh4 75. Kc3 Rxd4 76. Kb2 Rd2+ 77. Ka1 0-1

[Event "Petrovskaya Ladya GM"]
[Site "Peterhof"]
[Date "2008.01.06"]
[Round "5"]
[White "Shimanov, Aleksandr"]
[Black "Malinin, Vasily Borisovich"]
[Result "1-0"]
[WhiteElo "2441"]
[BlackElo "2346"]
[PlyCount "55"]
[EventDate "2008.01.03"]
[EventType "tourn"]
[EventRounds "11"]
[EventCountry "RUS"]
[EventCategory "7"]
[SourceTitle "CBM 122 Extra"]
[Source "ChessBase"]
[SourceDate "2008.03.04"]
[SourceVersion "1"]
[SourceVersionDate "2008.03.04"]
[SourceQuality "1"]

1. Nf3 Nc6 2. e4 e5 3. Bb5 a6 4. Ba4 Nf6 5. 0-0 Be7 6. Re1 b5 7. Bb3 0-0 8. h3 d5 9. exd5 Nxd5 10. Nxe5 Nxe5 11. Rxe5 Nb6 12. d3 c5 13. c3 Bb7 14. Nd2 Kh8 15. Re1 Bd6 16. Ne4 Bc7 17. Qh5 Bxe4 18. dxe4 Nd7 19. Be3 Qe7 20. Bc2 g6 21. Qe2 Ne5 22. Rad1 Nc4 23. Bc1 Rae8 24. b3 Ne5 25. Bh6 Rg8 26. f4 Nc6 27. e5 f6 28. Qe4 1-0

[Event "Petrovskaya Ladya GM"]
[Site "Peterhof"]
[Date "2008.01.03"]
[Round "1"]
[White "Malinin, Vasily Borisovich"]
[Black "Pogosian, Vladimir"]
[Result "1/2-1/2"]
[WhiteElo "2346"]
[BlackElo "2289"]
[PlyCount "113"]
[EventDate "2008.01.03"]
[EventType "tourn"]
[EventRounds "11"]
[EventCountry "RUS"]
[EventCategory "7"]
[SourceTitle "CBM 122 Extra"]
[Source "ChessBase"]
[SourceDate "2008.03.04"]
[SourceVersion "1"]
[SourceVersionDate "2008.03.04"]
[SourceQuality "1"]

1. e4 d6 2. d4 g6 3. Be3 Bg7 4. Nc3 Nd7 5. Qd2 a6 6. f4 b5 7. Nf3 Bb7 8. Bd3 c5 9. d5 Ngf6 10. a3 0-0 11. f5 c4 12. Be2 Ne5 13. Nxe5 dxe5 14. fxg6 fxg6 15. 0-0 Qd7 16. Bg5 Rad8 17. Qe3 Bc8 18. h3 Qc7 19. Rf3 Rf7 20. Raf1 Rdf8 21. Qf2 h6 22. Be3 Bd7 23. Bb6 Qb7 24. Ba5 g5 25. Qe3 e6 26. Bb4 Re8 27. R3f2 exd5 28. Bh5 Nxh5 29. Rxf7 Nf4 30. Rxg7+ Kxg7 31. exd5 Nxd5 32. Qf2 Nf4 33. Kh2 Bc8 34. g3 Qd7 35. g4 Qd4 36. a4 bxa4 37. Nxa4 Qxf2+ 38. Rxf2 e4 39. Rf1 e3 40. Re1 Bd7 41. Nc3 Bc6 42. Kg3 Kg6 43. Bc5 h5 44. Rxe3 Rb8 45. Bd6 Rxb2 46. Bxf4 gxf4+ 47. Kxf4 Rxc2 48. Re6+ Kf7 49. Rxc6 Rxc3 50. g5 Rxh3 51. Rxa6 Rh4+ 52. Kf5 c3 53. g6+ Kg8 54. Ra8+ Kg7 55. Ra7+ Kg8 56. Kg5 Rc4 57. Ra8+ 1/2-1/2

[Event "Rewal op-A 12th"]
[Site "Rewal"]
[Date "2007.08.29"]
[Round "9"]
[White "Mazurkiewicz, Michal"]
[Black "Malinin, Vasily Borisovich"]
[Result "1-0"]
[WhiteElo "2199"]
[BlackElo "2375"]
[PlyCount "86"]
[EventDate "2007.08.20"]
[EventType "swiss"]
[EventRounds "9"]
[EventCountry "POL"]
[SourceTitle "CBM 120 Extra"]
[Source "ChessBase"]
[SourceDate "2007.11.01"]
[SourceVersion "1"]
[SourceVersionDate "2007.11.01"]
[SourceQuality "1"]

1. e4 Nc6 2. Nf3 e5 3. Bb5 a6 4. Bxc6 dxc6 5. 0-0 f6 6. d4 exd4 7. Nxd4 c5 8. Nb3 Qxd1 9. Rxd1 Bd6 10. Nc3 Ne7 11. Be3 c4 12. Nd2 Be6 13. f4 Nc6 14. a3 0-0 15. Nf3 Rfe8 16. Re1 Bf7 17. g3 b5 18. Nd4 Nxd4 19. Bxd4 Rad8 20. Bf2 c6 21. Bb6 Rb8 22. Bf2 Bh5 23. Kg2 Bc7 24. h3 c5 25. Bxc5 Rbd8 26. g4 Bf7 27. Kf3 g5 28. fxg5 fxg5 29. Rad1 Bg6 30. Rxd8 Bxd8 31. Bd6 Re6 32. e5 Bxc2 33. Ne4 Rh6 34. Ng3 Kf7 35. Kg2 Ke6 36. Rf1 Rg6 37. Rf8 Be7 38. Re8 Rg7 39. Nf5 Bxf5 40. gxf5+ Kxf5 41. Bxe7 g4 42. h4 Rf7 43. Bd6 Rd7 1-0

[Event "Rewal op-A 12th"]
[Site "Rewal"]
[Date "2007.08.24"]
[Round "4"]
[White "Malinin, Vasily Borisovich"]
[Black "Mikulewicz, Joanna"]
[Result "1-0"]
[WhiteElo "2375"]
[BlackElo "2089"]
[PlyCount "75"]
[EventDate "2007.08.20"]
[EventType "swiss"]
[EventRounds "9"]
[EventCountry "POL"]
[SourceTitle "CBM 120 Extra"]
[Source "ChessBase"]
[SourceDate "2007.11.01"]
[SourceVersion "1"]
[SourceVersionDate "2007.11.01"]
[SourceQuality "1"]

1. e4 c5 2. Nf3 d6 3. d4 cxd4 4. Nxd4 Nf6 5. Nc3 Nc6 6. Bc4 Qb6 7. Nb3 e6 8. Qe2 a6 9. f4 Qc7 10. Be3 Be7 11. 0-0-0 b5 12. Bd3 Bb7 13. Kb1 0-0 14. g4 Nd7 15. g5 Nb6 16. Rdg1 Nb4 17. h4 Nc4 18. Bc1 Nxd3 19. cxd3 b4 20. Nd1 Nb6 21. h5 a5 22. Nd4 Rfc8 23. Nf2 a4 24. Ng4 b3 25. g6 a3 26. gxf7+ Kxf7 27. axb3 Ba6 28. f5 e5 29. Ne6 Qb7 30. Nxg7 axb2 31. Bxb2 Qa7 32. Nh6+ Kf8 33. Ne6+ Ke8 34. Rg8+ Kd7 35. Rxc8 Bxc8 36. Rc1 Qa2+ 37. Kc2 Ba6 38. Nc5+ 1-0

[Event "Sukhumi op"]
[Site "Sukhumi"]
[Date "2006.08.10"]
[Round "7"]
[White "Malinin, Vasily Borisovich"]
[Black "Chetverik, Maxim"]
[Result "1-0"]
[WhiteElo "2375"]
[BlackElo "2303"]
[PlyCount "28"]
[EventDate "2006.08.04"]
[EventType "swiss"]
[EventRounds "9"]
[EventCountry "GEO"]
[SourceTitle "EXT 2011"]
[Source "ChessBase"]
[SourceDate "2010.11.26"]
[SourceVersion "1"]
[SourceVersionDate "2010.11.26"]
[SourceQuality "1"]

1. d4 d5 2. c4 e5 3. dxe5 d4 4. Nf3 Nc6 5. g3 Nge7 6. Bg2 Ng6 7. 0-0 Ngxe5 8. Nxe5 Nxe5 9. b3 Bc5 10. Nd2 0-0 11. Ne4 Be7 12. e3 c5 13. exd4 cxd4 14. a3 a5 1-0

[Event "IECG WC.2006.T.00006 email"]
[Site "IECG email"]
[Date "2006.02.07"]
[Round "?"]
[White "Malinin, Vasily Borisovich"]
[Black "Bendig, Frank"]
[Result "0-1"]
[WhiteElo "2528"]
[BlackElo "2330"]
[PlyCount "98"]
[EventDate "2006.02.07"]
[EventType "tourn (corr)"]
[EventRounds "6"]
[SourceTitle "Corr 2008"]
[Source "ChessBase"]
[SourceDate "2008.06.24"]
[SourceVersion "1"]
[SourceVersionDate "2008.06.24"]
[SourceQuality "1"]

1. e4 c5 2. Nf3 Nc6 3. d4 cxd4 4. Nxd4 Nf6 5. Nc3 e5 6. Ndb5 d6 7. Bg5 a6 8. Na3 b5 9. Nd5 Be7 10. Bxf6 Bxf6 11. c3 Bg5 12. Nc2 Rb8 13. a4 bxa4 14. Ncb4 Bd7 15. Bxa6 Nxb4 16. cxb4 0-0 17. 0-0 Kh8 18. Rxa4 Bxa4 19. Qxa4 f5 20. exf5 Rxf5 21. Bd3 Rf8 22. b5 Qd7 23. Qe4 g6 24. Ra1 Qb7 25. Ra6 Bc1 26. b3 Bb2 27. f3 Bd4+ 28. Kh1 Rbc8 29. h4 Rc1+ 30. Kh2 Rd1 31. Bc4 Qd7 32. Qc2 Qd8 33. g3 Ra1 34. Qe4 Rc1 35. b6 Qd7 36. Ra2 Rd1 37. Nf6 Qg7 38. b7 Qxf6 39. Ra8 d5 40. b8Q Rxb8 41. Rxb8+ Kg7 42. Rb7+ Kh8 43. Qxd5 Bg1+ 44. Kg2 Rxd5 45. Bxd5 Qd8 46. Bc4 Qd4 47. Rb8+ Kg7 48. Rb7+ Kf8 49. Kh3 h5 0-1

[Event "IECG WC.2006.T.00006 email"]
[Site "IECG email"]
[Date "2006.02.07"]
[Round "?"]
[White "Rocca, Horacio Daniel"]
[Black "Malinin, Vasily Borisovich"]
[Result "1-0"]
[WhiteElo "2360"]
[BlackElo "2528"]
[PlyCount "75"]
[EventDate "2006.02.07"]
[EventType "tourn (corr)"]
[EventRounds "6"]
[SourceTitle "Corr 2008"]
[Source "ChessBase"]
[SourceDate "2008.06.24"]
[SourceVersion "1"]
[SourceVersionDate "2008.06.24"]
[SourceQuality "1"]

1. e4 c5 2. Nf3 d6 3. d4 cxd4 4. Nxd4 Nf6 5. Nc3 a6 6. Be3 e6 7. f3 b5 8. g4 h6 9. Qd2 Nbd7 10. 0-0-0 Bb7 11. h4 b4 12. Na4 Qa5 13. b3 Rc8 14. Kb1 Nc5 15. Nxc5 dxc5 16. Ne2 c4 17. Nf4 cxb3 18. cxb3 Be7 19. Bc4 0-0 20. Qc2 Qe5 21. g5 Nxe4 22. fxe4 Bxe4 23. Nd3 Qf5 24. Rhf1 Qg6 25. Ka1 hxg5 26. Bxg5 Bxg5 27. hxg5 Qxg5 28. Qb2 Rfd8 29. Rg1 Qh6 30. Bxa6 Rb8 31. Qe5 Bxd3 32. Rxd3 Rbc8 33. Kb1 Qh7 34. Kb2 Qh6 35. Rd4 Rxd4 36. Qxd4 Rb8 37. Bd3 g6 38. Kb1 1-0